000 00559njm a2200205 i 4500
001 C2-0228050
003 PPAK
005 20180729152157.0
008 000801s1996 my |||| ||||| | may d
040 _aPPAK
_beng
_cPPAK
_erda
245 0 0 _aGul Bakawali
264 1 _aKuala Lumpur :
_bDewan Bahasa dan Pustaka ,
_c1996
336 _2rdacontent
_atext
337 _2rdamedia
_aunmediated
338 _2rdacarrier
_avolume
500 _aDirakam pada 21/05/96 ; Tiada transkripsi
650 1 0 _aFolk literature, Malay
700 _eauthor
942 _ddc
_cB
999 _c163224
_d163224